000
00247nam a2200097Ia 4500
001
683274
005
20250826161435.0
008
250824s9999 xx 000 0 und d
245
0
_a
SON KAHRAMANLAR
_c
RECEP ŞÜKRÜ APUHAN
260
_b
TİMAŞ YAYINLARI
999
_c
683274
_d
683274